000 00865nam a2200301Ia 4500
001 76249
003 IT-RoPAU
008 130308s9999 xx 000 0 und d
040 _aIT-RoPAU
040 _cIT-RoPAU
041 _aINGLESE
100 _aVietmeyer Noel D.
100 _gCodice Aut. SPICS: 26483
245 _aMicrolivestock-When Smaller Is Better
245 _bEncyclopaedia Britannica-1989-Yearbook Of Science And The Future
250 _a1a ed.
260 _aCHICAGO (USA)
260 _bUniversity Of Chicago
260 _c1988 [1° Ed.:1988 - Ed.Ling.Originale:1988]
300 _a"14 p. (prefazione: no ; testo: 14 [pagine: 198-211])"
500 _aFattorie per Piccoli Animali
650 _aENCICLOPEDIE DI CULTURA GENERALE
650 _eCodice materia Spics: 1001
942 _cBK
957 _71
999 _c38332
_d38332
999 _bSI
999 _g1